<?xml version="1.0" encoding="UTF-8"?>
<record
    xmlns:xsi="http://www.w3.org/2001/XMLSchema-instance"
    xsi:schemaLocation="http://www.loc.gov/MARC21/slim http://www.loc.gov/standards/marcxml/schema/MARC21slim.xsd"
    xmlns="http://www.loc.gov/MARC21/slim">

  <leader>00478nam a2200157   4500</leader>
  <controlfield tag="005">20260103182639.0</controlfield>
  <controlfield tag="008">260103b        |||||||| |||| 00| 0 eng d</controlfield>
  <datafield tag="020" ind1=" " ind2=" ">
    <subfield code="a">978-81-7992-162-X</subfield>
  </datafield>
  <datafield tag="041" ind1=" " ind2=" ">
    <subfield code="a">English</subfield>
  </datafield>
  <datafield tag="082" ind1=" " ind2=" ">
    <subfield code="a">X 823 SHA</subfield>
    <subfield code="b">B12119</subfield>
  </datafield>
  <datafield tag="100" ind1=" " ind2=" ">
    <subfield code="a">Sharma, Robin </subfield>
    <subfield code="9">216153</subfield>
  </datafield>
  <datafield tag="245" ind1=" " ind2=" ">
    <subfield code="a">The Monk Who Sold His Ferrari</subfield>
    <subfield code="b">:A Fable about fulfilling your Dreams and Reaching your Destiny</subfield>
  </datafield>
  <datafield tag="260" ind1=" " ind2=" ">
    <subfield code="a">Mumbai</subfield>
    <subfield code="b">Jacio Publishing House</subfield>
    <subfield code="c">2003</subfield>
  </datafield>
  <datafield tag="300" ind1=" " ind2=" ">
    <subfield code="a">198p</subfield>
    <subfield code="b">pb</subfield>
  </datafield>
  <datafield tag="942" ind1=" " ind2=" ">
    <subfield code="c">BK</subfield>
  </datafield>
  <datafield tag="999" ind1=" " ind2=" ">
    <subfield code="c">369676</subfield>
    <subfield code="d">369676</subfield>
  </datafield>
  <datafield tag="952" ind1=" " ind2=" ">
    <subfield code="0">0</subfield>
    <subfield code="1">0</subfield>
    <subfield code="2">ddc</subfield>
    <subfield code="4">0</subfield>
    <subfield code="7">0</subfield>
    <subfield code="8">NFIC</subfield>
    <subfield code="a">BTIN</subfield>
    <subfield code="b">BTIN</subfield>
    <subfield code="d">2025-12-30</subfield>
    <subfield code="e">Amazon(online) 171-2631319-3695555</subfield>
    <subfield code="g">184.00</subfield>
    <subfield code="i">BBX1-497204</subfield>
    <subfield code="l">1</subfield>
    <subfield code="m">1</subfield>
    <subfield code="o">X 823 SHA B12119</subfield>
    <subfield code="p">BTIN-BK-12119</subfield>
    <subfield code="r">2026-02-05 15:52:51</subfield>
    <subfield code="s">2026-01-20</subfield>
    <subfield code="v">184.00</subfield>
    <subfield code="w">2025-10-17</subfield>
    <subfield code="y">BK</subfield>
    <subfield code="z">BTIN-BK-12119</subfield>
  </datafield>
</record>
